#2 Soccer World Cup Participant ? - Statistics

General Stats
  • This quiz has been taken 46 times
    45 since last reset
  • The average score is 8 of 10
Answers on the Grid
Answers color-coded by a green-red scale on the quiz's grid according to % correct below.
United Arab Emirates
United States
Slovakia
Austria
Wales
Czech Republic
Norway
Latvia
Syria
Nigeria
Thailand
Pakistan
Cameroon
Vietnam
Kuwait
 
Answer Stats
Answer % Correct
Czech Republic
94%
Nigeria
94%
United States
94%
Austria
91%
Cameroon
91%
Norway
91%
Slovakia
88%
Wales
85%
United Arab Emirates
58%
Kuwait
55%
No matching quizzes found
Score Distribution
Percent of People with Each Score
Percentile by Number Answered
Your Score History
You have not taken this quiz since the last reset